Current Developments in Monetary and Financial Law, Volume 2.

The papers published in this volume are based on an IMF seminar held in 2000 that covered a broad range of topics on monetary and financial law, such as the liberalization of capital movements, data dissemination, responsibilities of central banks, and the IMF's goals in financial surveillance...

Descrizione completa

Dettagli Bibliografici
Ente Autore: International Monetary Fund
Natura: Periodico
Lingua:English
Pubblicazione: Washington, D.C. : International Monetary Fund, 2003.
Accesso online:Full text available on IMF
LEADER 01790cas a2200205 a 4500
001 AALejournalIMF012721
008 230101c9999 xx r poo 0 0eng d
020 |c 50.00 USD 
020 |z 9781589061767 
040 |a BD-DhAAL  |c BD-DhAAL 
110 2 |a International Monetary Fund. 
245 1 0 |a Current Developments in Monetary and Financial Law, Volume 2. 
264 1 |a Washington, D.C. :  |b International Monetary Fund,  |c 2003. 
300 |a 1 online resource (884 pages) 
500 |a <strong>Off-Campus Access:</strong> No User ID or Password Required 
500 |a <strong>On-Campus Access:</strong> No User ID or Password Required 
506 |a Electronic access restricted to authorized BRAC University faculty, staff and students 
520 3 |a The papers published in this volume are based on an IMF seminar held in 2000 that covered a broad range of topics on monetary and financial law, such as the liberalization of capital movements, data dissemination, responsibilities of central banks, and the IMF's goals in financial surveillance and architecture. Participants addressed recent issues in the financial sector, including those related to payment systems and supervision of financial institutions. Updates dealt with Internet banking, bank secrecy, and currency arrangements-including dollarization. Participants discussed the recent activities of the other international financial institutions, which included the European Central Bank and the International Finance Corporation. Prevention of financial crises was also discussed, with reference to the distinct roles of the IMF and the private sector. 
538 |a Mode of access: Internet 
856 4 0 |z Full text available on IMF  |u http://elibrary.imf.org/view/books/072/01498-9781589061767-en/01498-9781589061767-en-book.xml  |z IMF e-Library